| 000 | 00362nam a22001217a 4500 | ||
|---|---|---|---|
| 082 | _aTHE 200 | ||
| 100 |
_aARSALAN AKHTER _972635 |
||
| 245 | _aTH-SOF-0964-OPTIMAL DECISION MAKING FOR MULTI-AGENT PATH PLANNING PROBLEM | ||
| 260 |
_aNUST COLLEGE OF EME _bISLAMABAD _c2001 |
||
| 650 | _aMS-MTS-70 MSTHESIS | ||
| 700 |
_aDR KANWAR FARAZ AHMED _972636 |
||
| 942 | _cCF | ||
| 999 |
_c578630 _d578630 |
||